00904cam a2200277 a 450000100060000000300080000600500170001400800410003102000250007202000220009703500190011903500160013803800100015404000350016404100080019908200280020724500900023526000670032530000260039249000310041850000200044965000500046965100510051970000260057083000300059656851BD-RJUL20211209080437.0161204r20122003ii b 001 0 eng d a9780195677027 (pbk.) a0195677021 (pbk.) a(BD-RJUL)56975 a(UkLCURL)08 aOCoLC dBD-RJULaBD-RjULbengcBD-RjUL aeng 223a294.50954bSOC 201200aSocial and religious reform :bthe Hindus of British India /cedited by Amiya P. Sen. aNew Delhi :bOxford University Press,c2005 [impression 2012]. axix, 226 p. ;c22 cm.1 aOxford in India readings.  aIncludes index. 0aHinduism and social problemszIndiaxHistory. 0aIndiaxHistoryyBritish occupation, 1765-1947.1 aSen, Amiya P.,d1952- 0aOxford in India readings.